000 01319cam a2200253 4500
001 ABS63217
008 000000n2000 000 0 eng u
035 _a(Sirsi) u109523
100 _aPerkins, D
245 _aDon't get caught in the web
260 _c2000
490 _aNegotiator
_v15(22) 17 November 2000, 10(1)
520 _aArgues that estate agents who promote their property via the internet should ensure they are sufficiently covered in their agency agreements, or any sales they make could be challenged. Outlines the basic requirements of the Estate Agents Act 1979 s18, but suggests that estate agents should cover further aspects to avoid future misunderstandings. Concludes that the new Unfair Terms in Consumer Contracts Regulations 1999 has further complicated the situation - estate agents will have to make their terms of engagement so clear and straightfoward there is no room for challenges.
590 _aABS
650 _aSOLE AGENCY
650 _aESTATE AGENTS
650 _aAGENCY AGREEMENTS
650 _aESTATE AGENTS ACT 1979
650 _aUNFAIR TERMS IN CONSUMER CONTRACTS REGULATIONS 1999
650 _aESTATE AGENTS (PROVISION OF INFORMATION) REGULATIONS 1991
650 _aINTERNET
690 _aMANAGEMENT-BUSINESS MANAGEMENT-PROFESSIONAL PRACTICE
942 _n0
999 _c65386
_d65386